Hukum kanun Melaka / (Record no. 965)

000 -LEADER
fixed length control field nam a22 7a 4500
005 - DATE AND TIME OF LATEST TRANSACTION
control field 20170508100644.0
008 - FIXED-LENGTH DATA ELEMENTS--GENERAL INFORMATION
fixed length control field 170508b1995 my ||||| |||| 00| 0 may d
040 ## - CATALOGING SOURCE
Original cataloging agency AKMAL
082 ## - DEWEY DECIMAL CLASSIFICATION NUMBER
Classification number 297.149595 HUK
090 ## - LOCALLY ASSIGNED LC-TYPE CALL NUMBER (OCLC); LOCAL CALL NUMBER (RLIN)
Classification number (OCLC) (R) ; Classification number, CALL (RLIN) (NR) 297.149595
Local cutter number (OCLC) ; Book number/undivided call number, CALL (RLIN) HUK
100 0# - MAIN ENTRY--PERSONAL NAME
Personal name Abu Hassan Sham,
Dates associated with a name 1945-
9 (RLIN) 2050
245 10 - TITLE STATEMENT
Title Hukum kanun Melaka /
Statement of responsibility, etc. Abu Hassan Sham
260 ## - PUBLICATION, DISTRIBUTION, ETC.
Place of publication, distribution, etc. Melaka :
Name of publisher, distributor, etc. Penerbitan Perbadanan Muzium,
Date of publication, distribution, etc. 1995
300 ## - PHYSICAL DESCRIPTION
Extent 130ms.
Dimensions 22cm
500 ## - GENERAL NOTE
General note Mengandungi ayat-ayat dari Quran
504 ## - BIBLIOGRAPHY, ETC. NOTE
Bibliography, etc. note Bibliografi: ms. 127-130
650 10 - SUBJECT ADDED ENTRY--TOPICAL TERM
Topical term or geographic name entry element Islamic law
Geographic subdivision Melaka
9 (RLIN) 2051
650 10 - SUBJECT ADDED ENTRY--TOPICAL TERM
Topical term or geographic name entry element Adat law
Geographic subdivision Melaka
9 (RLIN) 2052
942 ## - ADDED ENTRY ELEMENTS (KOHA)
Source of classification or shelving scheme
Koha item type Book
Holdings
Withdrawn status Lost status Source of classification or shelving scheme Damaged status Not for loan Collection code Home library Current library Shelving location Date acquired Inventory number Total Checkouts Full call number Barcode Date last seen Price effective from Koha item type
          NON-FICTION AKMAL Melaka AKMAL Melaka PINJAMAN 08.05.2017 200860   297.149595 HUK 201701909 08.05.2017 08.05.2017 Book
Pusat Sumber Maklumat Dato' Haji Sarmin Md Hussin, Akademi Kastam Diraja Malaysia, Melaka
Tel: 06-2331106 | Faks: 06-2313787